Ректор Гутовский. Ученый, ставший организатором сибирской металлургии; Томский политехник; Вып. 7
| Parent link: | Томский политехник: ежегодный журнал/ Томский политехнический университет (ТПУ), Ассоциация выпускников.— , 1995- Вып. 7.— 2001.— [С. 101-104] |
|---|---|
| Autor Principal: | |
| Summary: | Заглавие с титульного листа Электронная версия печатной публикации |
| Idioma: | ruso |
| Publicado: |
2001
|
| Series: | Они определяют политику вуза |
| Subjects: | |
| Acceso en liña: | Цветная версия без потери качества |
| Formato: | MixedMaterials Electrónico Capítulo de libro |
| KOHA link: | https://koha.lib.tpu.ru/cgi-bin/koha/opac-detail.pl?biblionumber=191363 |
MARC
| LEADER | 00000nla2a2200000 4500 | ||
|---|---|---|---|
| 001 | 191363 | ||
| 005 | 20231031180707.0 | ||
| 035 | |a (RuTPU)RU\TPU\book\208652 | ||
| 035 | |a RU\TPU\book\208605 | ||
| 090 | |a 191363 | ||
| 100 | |a 20110204d2001 km y0rusy50 ca | ||
| 101 | 0 | |a rus | |
| 102 | |a RU | ||
| 135 | |a drnn ---uucaa | ||
| 181 | 0 | |a i | |
| 182 | 0 | |a b | |
| 200 | 1 | |a Ректор Гутовский. Ученый, ставший организатором сибирской металлургии |b Электронный ресурс |f А. И. Чучалин | |
| 203 | |a Текст |c электронный | ||
| 215 | |a 1 файл (10.8 Мб) | ||
| 225 | 1 | |a Они определяют политику вуза | |
| 230 | |a Электронные текстовые данные (1 файл : 10.8 Мб) | ||
| 300 | |a Заглавие с титульного листа | ||
| 300 | |a Электронная версия печатной публикации | ||
| 337 | |a Adobe Reader | ||
| 461 | 1 | |0 (RuTPU)RU\TPU\book\202435 |t Томский политехник |o ежегодный журнал |f Томский политехнический университет (ТПУ), Ассоциация выпускников |d 1995- | |
| 463 | 1 | |0 (RuTPU)RU\TPU\book\208277 |t Вып. 7 |v [С. 101-104] |d 2001 |p 208 с. | |
| 600 | 1 | |a Гутовский |b Н. В. |g Николай Владимирович |c специалист в области материаловедения, металлургии |c ректор Томского технологического института (1921-1930), профессор, доктор-инженер |f 1876-1933 |y Томск |2 stltpush |3 (RuTPU)RU\TPU\pers\6740 | |
| 601 | 0 | 2 | |a Томский технологический институт (ТТИ) |c (1896-1923) |2 stltpush |3 (RuTPU)RU\TPU\col\9244 |
| 601 | 0 | 2 | |a Сибирский технологический институт (СТИ) |c (Томск) |c (1923-1930) |2 stltpush |3 (RuTPU)RU\TPU\col\5002 |
| 610 | 1 | |a профессора | |
| 610 | 1 | |a инженеры-технологи | |
| 610 | 1 | |a директора | |
| 610 | 1 | |a ректоры | |
| 610 | 1 | |a российские ученые | |
| 610 | 1 | |a металлурги | |
| 610 | 1 | |a деятельность | |
| 610 | 1 | |a биографии | |
| 610 | 1 | |a труды учёных ТПУ | |
| 610 | 1 | |a электронный ресурс | |
| 700 | 1 | |a Чучалин |b А. И. |c профессор Томского политехнического университета, доктор технических наук |c проректор по образовательной и международной деятельности |f 1952- |g Александр Иванович |2 stltpush |3 (RuTPU)RU\TPU\pers\22021 | |
| 801 | 1 | |a RU |b 63413507 |c 20101101 | |
| 801 | 2 | |a RU |b 63413507 |c 20160623 |g RCR | |
| 856 | 4 | |u http://www.lib.tpu.ru/fulltext/v/Tomsk_polytechnic/2001/N7a34_full.pdf |z Цветная версия без потери качества | |
| 942 | |c CF | ||